000 01298nam a2200301 c 4500
003 BLK
005 20240806170010.0
008 180413b bul|||||r ||||||| ||bul||
010 _aKNG00022498000
040 _aBLK
041 _aBUL
_cBUL
080 _aБългарска литература
_b821.163.2
_x(091)
_z821.163.2(091)
100 1 _aИгов, Светлозар Атанасов
_d1945-2023
_gФилолог, славянска филология (1966). Литературен критик, историк. Поет, белетрист. Преводач от сърбохърватски език
_972055
139 _aИгов, Светлозар Атанасов
_bИ 28
245 1 0 _aИстория на българската литература 1878 - 1944
_cСветлозар Атанасов Игов.
257 _aBGR
260 София
_bБАН
_c1990
300 _a444 с.
_c24 см
380 _a82
650 4 _aБългарска литература - история
_9246271
653 _aбългарска литература
852 _aЦб 163660
856 4 _qpdf
_u
856 4 _qpdf
_u
942 _cKNG
_n0
_03
944 _aCR
_c25.01.2008
_k30530
_lМинев Младен
944 _aED
_c05.10.2017
_kВася_Ганчева
999 _c20290
_d20290